Miasta w Polsce z największą ilością wypadków drogowych w 2021 roku - Statystyki

Ogólne statystyki
  • Ten quiz został rozwiązany 72 razy
  • Średni wynik to 9 z 10
Statystyki odpowiedzi
Pozycja Miasto Wypadki Drogowe % Poprawnych
3 Warszawa 702
100%
2 Kraków 745
97%
1 Łódź 915
94%
4 Wrocław 503
94%
6 Gdańsk 383
92%
7 Szczecin 341
90%
5 Poznań 477
89%
8 Rzeszów 238
73%
10 Radom 168
66%
9 Częstochowa 195
58%
Nie znaleziono quizów pasujących do podanych kryteriów
Rozkład punktacji
Procent ludzi z każdym wynikiem
Percentyl według liczby udzielonych odpowiedzi
Twoja historia wyników
Nie rozwiązałeś tego quizu